00423nam a2200181Ia 4500008004100000020001800041041000800059082001900067100001100086245001400097250000600111260005000117300000800167365001600175650001900191650002100210700001000231140306s9999 xx 000 0 und d a0 02 334410 5 aeng a658 .8bEVA/MA aBerman aMarketing a3 aNew DelhibMacmillan PublishingCompanyc 1987 a744 bRs .291 .50 aPrice planning aproduct planning aEvans